Statistics for Country Decoder

Click here to take the quiz!

General Stats

  • This quiz has been taken 322 times
  • The average score is 50 of 101

Answer Stats

HintAnswer% Correct
UCountry 5) fought against in the Cold WarUnited States of America
95%
N"Big Apple"New York City
93%
ENational languageEnglish
88%
SWhere the Golden Gate Bridge is locatedSan Francisco
86%
CountryUnited States of America
86%
CountryAustralia
80%
TNew elected presidentTrump
80%
NDo they drive on the right?No
78%
IThis country declared its ..... in 1776Independence
77%
ALegendary boxerAli
77%
CountryUnited Kingdom
77%
TThe fourth thursday of NovemberThanksgiving
76%
CountrySpain
75%
RGreat Barrier ....Reef
75%
CountryRussia
75%
CountrySwitzerland
75%
UDown ....Under
74%
CountryEgypt
74%
SLargest city, famous for its Opera HouseSydney
73%
AContinent on which the country is locatedAfrica
71%
SAn official language of the UNSpanish
71%
SBiggest sport event in North AmericaSuper Bowl
70%
ABiggest river by water volumeAmazon River
69%
CountryBrazil
68%
OWhat London held in 2012Olympic Summer Games
68%
NPosition of the country in warsNeutral
67%
DMotownDetroit
66%
TPresident during WWIITruman
66%
TIsland to the southTasmania
66%
EMonarch (first name)Elizabeth II
66%
ICountry to the northIndonesia
65%
CountryVietnam
64%
CWar from 1861-1865Civil War
64%
ZBiggest city, famous for its banksZurich
63%
EIsland in New York; Gateway for immigrantsEllis Island
63%
GWhere the pyramids are locatedGiza
63%
DAuthor of "On the Origin of Species"Darwin
62%
MUnited and City play hereManchester
62%
SVast Eastern region of this countrySiberia
61%
ABordering country with cities like Innsbruck, Salzburg,...Austria
60%
SSocialist state and super power, collapsed in 1991Soviet Union
60%
IPeninsula on which the country is locatedIberia
59%
DCity with white cliffsDover
57%
MShip that landed in the New World in 1620Mayflower
57%
IWight or ManIsle
57%
WNational hero ( ..... Tell)Wilhelm
56%
ANative peopleAborigines
55%
EUnder the office of this US president, the Second Indochina War broke outEisenhower
54%
IAn official languageItalian
54%
ICountrys PeninsulaIndochina
53%
RCurrencyRuble
53%
LSouth and Central AmericaLatin America
52%
IIsland where "The Troubles" happenedIreland
50%
NChristmas, in 1)Navidad
50%
AA herbicide (.... Orange)Agent
49%
LCrossbreed dog created by crossing a labrador and a poodleLabradoodle
49%
ASmall principality to the northAndorra
48%
ZVirus which broke out in 2015Zika
48%
AThe Last FrontierAlaska
47%
NOne of the four "quarters" of this countryNorthern Ireland
47%
PWhat the Sinai isPeninsula
46%
KCounty closest to FranceKent
45%
OTexas has it en masseOil
45%
AOther word for UluruAyers Rock
44%
MLargest river in Southeast AsiaMekong
44%
IMotto (also on their bill)In God We Trust
42%
NCountry which existed from 1945 to 1976North Vietnam
41%
RRichest person who ever livedRockefeller
41%
GWorld's third-most populous islandGreat Britain
41%
CountryTanzania
41%
RRiver of January, in portugueseRio de Janeiro
39%
TPrime minister (first name)Theresa
36%
IFamous beach in 2)Ipanema
34%
PBiggest city in MajorcaPalma
33%
UNational personificationUncle Sam
33%
ZOn this island was the shortest war in history (38min)Zanzibar
32%
AOther word for KalashnikovAK-47
26%
ROrganization founded in Geneva in 1863Red Cross
26%
VVictor-CharlieViet Cong
25%
FCity close to the Grand CanyonFlagstaff
24%
ELatin for "Out of many, one"E Pluribus Unum
22%
ACity close to 1)Alice Springs
22%
UOfficial nameUnited Kingdom of Great Britain and Northern Ireland
21%
YArab states fought against Israel in 1973Yom Kippur
21%
TSecond largest freshwater lake in the world by volumeTanganyika
18%
TAncient city located on the NileThebes
18%
ICity near Lake BaikalIrkutsk
17%
LIOC headquarterLausanne
17%
TGulf located off the northern coast; 1964 incidentTonkin
17%
NSerengeti ...... , a place where you can see giraffes etc.National Park
16%
EDecisive battle of WWII in Northern AfricaEl Alamein
16%
B(Country), Russia, India, China, South AfricaBRICS
16%
ALegislature: National .......Assembly
12%
DIn this form of government, all decisions are voted on by the peopleDirect Democracy
9%
AToo busy to hateAtlanta
8%
TSouthernmost cantonTicino
7%
EOfficial German name: Schweizerische ..........Eidgenossenschaft
4%
A3rd largest cityArusha
3%
SCountry's "president", famous for his "Rire, c'est bon pour la santé" speechSchneider-Ammann
2%
NWorld's largest inactive calderaNgorongoro
2%
IITCZIntertropical Convergence Zone
1%

Score Distribution

Percentile by Number Answered

Percent of People with Each Score

Your Score History

You have not taken this quiz